000 00348nam a2200133Ia 4500
008 151001s9999||||xx |||||||||||||| ||und||
100 _aप्रभू बबन
245 _aपळा पळा कोण पुढे पळे तो
250 _a1
260 _bजे विनायक
260 _c1974
300 _a99
365 _b21
999 _c957590
_d957587